Politológia

Na minha lista:
Detalhes bibliográficos
Autor principal: Augustín, Michael, 1991-
Autor Corporativo: Ekonomická univerzita v Bratislave. Fakulta medzinárodných vzťahov
Outros Autores: Daubner, Peter, Karas, Martin, 1991-, Štefančík, Radoslav, 1976-, Ruman, Ján
Formato: Livro
Idioma:eslovaco
Publicado em: Bratislava Vydavateľstvo EKONÓM 2024
Edição:1. vydanie
Assuntos:
Tags: Adicionar Tag
Sem tags, seja o primeiro a adicionar uma tag!

MARC

LEADER 00000nam a2200000 4500
001 0306042
005 20250218124802.2
020 |a 978-80-225-5204-2 
041 0 |a slo 
044 |a SK 
245 1 0 |a Politológia  |c Michael Augustín, Peter Daubner, Martin Karas ; recenzenti: Radoslav Štefančík, Ján Ruman 
250 |a 1. vydanie 
264 1 |a Bratislava  |b Vydavateľstvo EKONÓM  |c 2024 
300 |a 180 s. [11,86 AH] 
610 2 0 |a politológia 
610 2 0 |a politika 
610 2 0 |a systémy politické 
610 2 0 |a moc politická 
610 2 0 |a štát 
610 2 0 |a formy vládne 
610 2 0 |a ideológia 
610 2 0 |a strany politické 
610 2 0 |a voľby 
610 2 0 |a vzťahy medzinárodné 
100 1 |a Augustín, Michael, 1991- 
700 1 |a Daubner, Peter 
700 1 |a Karas, Martin, 1991- 
700 1 |a Štefančík, Radoslav, 1976- 
700 1 |a Ruman, Ján 
710 2 |a Ekonomická univerzita v Bratislave. Fakulta medzinárodných vzťahov